| 000 | 00639nam a22001815i 4500 | ||
|---|---|---|---|
| 001 | 163265 | ||
| 003 | ES-MaACL | ||
| 005 | 20250703063119.0 | ||
| 008 | 990726s1896 fr |||| | fre d | ||
| 040 |
_aCAM _bspa _cCAM |
||
| 100 | 1 |
_aRenan, Ernest, _d1823-1892 _996168 |
|
| 245 | 1 | 0 |
_aErnest Renan, Henriette Renan lettres intimes _b: 1842-1845 ; précédées de Ma soeur Henriette / _cpar Ernest Renan. |
| 260 |
_aParis : _bCalmann Lévy, éditeur, _c1896 ( _fImprimerie Chaix) |
||
| 300 |
_a408 p. ; _c22 cm. |
||
| 700 | 1 | 1 |
_aRenan, Henriette. _9131693 |
| 852 |
_aES-MaACL _jF-10882 _z-- Enc. hol |
||
| 999 |
_c163265 _d163265 |
||